The answer ends with an A - Statistics

General Stats
  • This quiz has been taken 35 times
  • The average score is 9 of 15
Answer Stats
Hint Answer % Correct
Multi million selling Swedish & Norwegian pop group Abba
97%
49th state of the USA Alaska
97%
Large North African country Algeria
86%
The Earth's Southernmost continent Antarctica
83%
Australian Eucalyptus eating 'bear' Koala
79%
Hot US state, neighbour of California Arizona
72%
First name of actress Gardner, former wife of Frank Sinatra Ava
62%
UK Female pop group who had hits with Venus and Shy Boy Bananarama
52%
US music group fronted by Carlos Santana
48%
Lead female character in Gone With The Wind Scarlett O'Hara
48%
American singer who had a hit with Diana Paul Anka
34%
Largest lake in Wales Bala
28%
Woollen head covering named after a famous battle Balaclava
24%
Spanish disco pop duo who had hits in the 1970's Baccara
21%
Posh part of London around the Sloane Square area Belgravia
21%
No matching quizzes found
Score Distribution
Percent of People with Each Score
Percentile by Number Answered
Your Score History
You have not taken this quiz